000 01067nmc a2200337 a 4500
003 AR-BaBNM
005 20251128203549.0
008 297019s1983 ||||||||||||||000 | spa||
020 _a950-07-0165-0
040 _cAR-BaBNM
100 1 _aFrondizi, Arturo
245 1 0 _aQué es el Movimiento de Integración y Desarrollo
260 _aBuenos Aires
_bSudamericana
_c1983
300 0 _a279 p.
_bláms., tablas
490 0 _aDe los partidos políticos nacionales
500 0 _aContiene apéndice para consultar p. 240-279.
600 1 4 _aFrondizi, Arturo
600 1 4 _aFrigerio, Rogelio
610 2 4 _aUnión Cívica Radical del Pueblo [Argentina]
610 2 4 _aMovimiento de Integración y Desarrollo [Argentina]
610 2 4 _aPartido Intransigente [Argentina]
650 4 _aDEMOCRACIA
650 4 _aPARTIDOS POLITICOS ARGENTINOS
650 4 _aHISTORIA POLITICA ARGENTINA
650 4 _aHISTORIA DE LAS IDEAS
650 4 _aPOLITICA ARGENTINA
651 4 _aArgentina
800 1 _aPerrone, Alberto M.
_edirector
942 _cBK
998 _cmariana
999 _c3953
_d3953